Nennen Sie die größten deutschen Inseln im Wattenmeer Nordsee Ostsee - Statistiken

Allgemein
  • Dieses Quiz wurde 102 mal gespielt
  • Das Durchschnittsergebnis liegt bei 12 aus 19
Antwortstatistiken
Hint Antwort % Korrekt
Sylt
98%
Rügen
86%
Norderney
83%
Langeoog
82%
Wattenmeer/Nordsee Borkum
81%
Usedom
80%
Spiekeroog
77%
Amrum
74%
Föhr
73%
Baltrum
70%
Ostsee Fehmarn
69%
Juist
68%
Helgoland
65%
Wangerooge
65%
Poel
61%
Pellworm
44%
Hiddensee
41%
Nordstrand
19%
Ummanz
13%
Keine übereinstimmenden Quizze gefunden
Verteilung der Resultate
Anzahl Personen mit jedem Resultat
Perzentil nach korrekt beantworteten Fragen
Ihre Resultats-Entwicklung
Sie haben dieses Quiz noch nicht gespielt